Power and faction in Louis XIV's France /

Bibliographic Details
Main Author: Mettam, Roger
Format: Book
Language:English
Published: Oxford, UK ; New York, NY, USA : B. Blackwell, 1988.
Subjects:

MARC

Tag First Indicator Second Indicator Subfields
LEADER 00000cam a2200000 a 4500
001 in00000035037
005 20151007055246.0
008 870413s1988 enk b 00110deng
010 |a  87011442  
020 |a 0631156674 :  |c $45.00 (U.S.) 
035 |a (OCoLC)15591019 
035 |9 AAB7718AM 
040 |a DLC  |c DLC  |d TXA  |d UtOrBLW 
043 |a e-fr--- 
049 |a TXAM  |c [A11505751] 
050 0 0 |a DC126  |b .M43 1988 
082 0 |a 944/.033  |2 19 
100 1 |a Mettam, Roger. 
245 1 0 |a Power and faction in Louis XIV's France /  |c Roger Mettam. 
264 1 |a Oxford, UK ;  |a New York, NY, USA :  |b B. Blackwell,  |c 1988. 
300 |a viii, 343 pages ;  |c 24 cm. 
336 |a text  |b txt  |2 rdacontent 
337 |a unmediated  |b n  |2 rdamedia 
338 |a volume  |b nc  |2 rdacarrier 
504 |a Bibliography: pages [323]-327. 
500 |a Includes index. 
651 0 |a France  |x Politics and government  |y 1643-1715. 
600 0 0 |a Louis  |b XIV,  |c King of France,  |d 1638-1715. 
650 0 |a Monarchy  |z France  |x History  |y 17th century. 
999 |a MARS 
999 f f |s 335812c4-8a4e-3b30-afac-d2b6953cbe1f  |i 829cf2a6-cfad-3e88-aa03-995817520e22  |t 0 
952 f f |p ric  |a Texas A&M University  |b Rellis Campus  |c Joint Library Facility  |d Remote Storage  |t 0  |e DC126 .M43 1988  |h Library of Congress classification  |i unmediated -- volume  |m A14811505751 
998 f f |a DC126 .M43 1988  |t 0  |l Remote Storage